[Event "Gothenburg op"]
[Site "Gothenburg"]
[Date "2023.08.13"]
[Round "8"]
[White "Bjorklund, Thomas"]
[Black "Yang, Mandi"]
[Result "1-0"]
[WhiteElo "2139"]
[BlackElo "1457"]
[PlyCount "47"]
[EventDate "2023.08.11"]
[EventType "swiss"]
[EventRounds "8"]
[EventCountry "SWE"]
[SourceTitle "CBM 215 Extra"]
[Source "ChessBase"]
[SourceDate "2023.09.30"]
[SourceVersion "1"]
[SourceVersionDate "2023.09.30"]
[SourceQuality "1"]

1. e4 c5 2. c3 d5 3. exd5 Qxd5 4. d4 Nc6 5. Nf3 Bg4 6. Be2 e6 7. 0-0 Nf6 8. Be3 cxd4 9. Nxd4 Bxe2 10. Qxe2 Bd6 11. Rd1 Rd8 12. Nd2 0-0 13. N2b3 Bb8 14. Nxc6 Qxc6 15. Nd4 Qc7 16. Nf3 h6 17. Bd4 Rd5 18. Bxf6 gxf6 19. Rxd5 exd5 20. Qd2 Kh7 21. Qxd5 Rg8 22. Rd1 Qf4 23. g3 Qg4 24. Qxf7+ 1-0

[Event "Gothenburg op"]
[Site "Gothenburg"]
[Date "2023.08.13"]
[Round "7"]
[White "Yang, Mandi"]
[Black "Andersson, Stig"]
[Result "1-0"]
[WhiteElo "1457"]
[BlackElo "1811"]
[PlyCount "139"]
[EventDate "2023.08.11"]
[EventType "swiss"]
[EventRounds "8"]
[EventCountry "SWE"]
[SourceTitle "CBM 215 Extra"]
[Source "ChessBase"]
[SourceDate "2023.09.30"]
[SourceVersion "1"]
[SourceVersionDate "2023.09.30"]
[SourceQuality "1"]

1. e4 e5 2. Nf3 Nc6 3. c3 Be7 4. d4 d6 5. d5 Nb8 6. Bd3 Nf6 7. h3 c6 8. c4 Na6 9. Nc3 Nc5 10. b4 Nxd3+ 11. Qxd3 0-0 12. 0-0 Qc7 13. Be3 Rd8 14. Rac1 Bd7 15. Rfd1 b6 16. dxc6 Bxc6 17. Nd5 Bxd5 18. cxd5 Qd7 19. Rc6 Rdc8 20. Rdc1 Ne8 21. Ne1 Rc7 22. b5 Bd8 23. Nc2 Rxc6 24. dxc6 Qe7 25. Nb4 Nc7 26. a4 Rb8 27. Rd1 Ne8 28. Nd5 Qe6 29. Bc1 Rc8 30. Ba3 g6 31. Ne3 Be7 32. Nc4 Rd8 33. Ne3 Rc8 34. Qc4 Kg7 35. Qb4 Bd8 36. Nc4 Bc7 37. a5 Ra8 38. axb6 axb6 39. Qc3 Ra4 40. Bb4 f6 41. Qb3 Ra7 42. Qd3 Ra8 43. Qd5 Kf7 44. Qxe6+ Kxe6 45. Ne3 Ra4 46. Nd5 Bd8 47. Bxd6 Nxd6 48. c7 Bxc7 49. Nxc7+ Kd7 50. Nd5 Ke6 51. Nxb6 Rb4 52. Nd5 Rxe4 53. Nxf6 Rb4 54. Nxh7 Nxb5 55. Ng5+ Kf5 56. Nf3 Nd4 57. Nxd4+ Rxd4 58. Rxd4 exd4 59. Kf1 Ke4 60. Ke2 d3+ 61. Kd2 Kd4 62. f3 g5 63. g3 Kc4 64. h4 gxh4 65. gxh4 Kd4 66. h5 Ke5 67. Kxd3 Kf5 68. Kd4 Kg5 69. Ke5 Kxh5 70. Kf6 1-0

[Event "Gothenburg op"]
[Site "Gothenburg"]
[Date "2023.08.11"]
[Round "3"]
[White "Yang, Mandi"]
[Black "Ottgard, Andreas"]
[Result "1-0"]
[WhiteElo "1457"]
[BlackElo "1874"]
[PlyCount "81"]
[EventDate "2023.08.11"]
[EventType "swiss"]
[EventRounds "8"]
[EventCountry "SWE"]
[SourceTitle "CBM 215 Extra"]
[Source "ChessBase"]
[SourceDate "2023.09.30"]
[SourceVersion "1"]
[SourceVersionDate "2023.09.30"]
[SourceQuality "1"]

1. e4 d6 2. d4 Nf6 3. Nc3 g6 4. f3 c6 5. Be3 b5 6. a3 Nbd7 7. Qd2 a5 8. d5 cxd5 9. Nxd5 Rb8 10. Qc3 Nxd5 11. exd5 Nf6 12. g4 Bg7 13. g5 Nh5 14. Bd4 0-0 15. Bxg7 Nxg7 16. Ne2 Qb6 17. Qd4 Nf5 18. Qxb6 Rxb6 19. 0-0-0 b4 20. axb4 axb4 21. Nd4 Ne3 22. Re1 Nxd5 23. Bc4 e6 24. Bxd5 exd5 25. Re3 Kg7 26. Rhe1 h6 27. h4 hxg5 28. hxg5 Rh8 29. Re8 Rxe8 30. Rxe8 Bh3 31. Ra8 Bg2 32. Ra5 Bh3 33. Rxd5 Kf8 34. Rb5 Rxb5 35. Nxb5 Ke7 36. Kd2 Ke6 37. Nd4+ Kd5 38. Ke3 Bf1 39. Ne2 Bxe2 40. Kxe2 Kd4 41. Kd2 1-0